A székelyek a XII. századi elbeszélő forrásokban
Selon l'opinion de l'auteur, l'examen des sources narratives des XIIe -XIV* siècles et celui des chartes peuvent donner une idée du fait si l'on avait considéré les Sicules, à cette époque-là, comme un peuple de renfort militaire ou bien ils étaient considérés comme Hongrois. Au...
Elmentve itt :
| Szerző: | |
|---|---|
| Dokumentumtípus: | Cikk |
| Megjelent: |
University of Szeged, Magyar Medievisztikai Kutatócsoport
Szeged
1991
|
| Sorozat: | Acta Universitatis Szegediensis : acta historica
92 |
| Kulcsszavak: | Székelyek története - 12. sz. - forrás |
| Tárgyszavak: | |
| Online Access: | http://acta.bibl.u-szeged.hu/2769 |
| LEADER | 01425nab a2200229 i 4500 | ||
|---|---|---|---|
| 001 | acta2769 | ||
| 005 | 20260203141354.0 | ||
| 008 | 161015s1991 hu o 000 hun d | ||
| 022 | |a 0324-6965 | ||
| 040 | |a SZTE Egyetemi Kiadványok Repozitórium |b hun | ||
| 041 | |a hun | ||
| 041 | |a eng | ||
| 100 | 1 | |a Kordé Zoltán | |
| 245 | 1 | 2 | |a A székelyek a XII. századi elbeszélő forrásokban |h [elektronikus dokumentum] / |c Kordé Zoltán |
| 260 | |a University of Szeged, Magyar Medievisztikai Kutatócsoport |b Szeged |c 1991 | ||
| 300 | |a 17-24 | ||
| 490 | 0 | |a Acta Universitatis Szegediensis : acta historica |v 92 | |
| 520 | 3 | |a Selon l'opinion de l'auteur, l'examen des sources narratives des XIIe -XIV* siècles et celui des chartes peuvent donner une idée du fait si l'on avait considéré les Sicules, à cette époque-là, comme un peuple de renfort militaire ou bien ils étaient considérés comme Hongrois. Au début de cet examen, en analysant les sources relatives aux batailles du long d'Olsava en 1116 et du long de Fischa en 1146, il constate qu'à cette époque-là, et les sources hongroises et les sources étrangères avaient rangé les Sicules parmi les peuples de renfort militaires. | |
| 650 | 4 | |a Bölcsészettudományok | |
| 650 | 4 | |a Történettudomány és régészet | |
| 695 | |a Székelyek története - 12. sz. - forrás | ||
| 856 | 4 | 0 | |u http://acta.bibl.u-szeged.hu/2769/1/historica_092_017-024.pdf |z Dokumentum-elérés |